000 005450000a22001810004500
003 MACL
005 20160228131943.0
008 160228b xxu||||| |||| 00| 0 eng d
040 _aMACL
_cMACL
041 _aHindi
082 _a800
100 _aडॉ पवन कुमार मिश्र
_941228
245 _aहिन्‍दी नाटक और रंगमंच
260 _bअक्षरा प्रकाशन
_c1984
_aदिल्‍ली
350 _a30
650 _aLiteracture
_939932
942 _cHIN
_k800
_2ddc
999 _c28155
_d28155